<?xml version="1.0" encoding="UTF-8"?>
<record
    xmlns:xsi="http://www.w3.org/2001/XMLSchema-instance"
    xsi:schemaLocation="http://www.loc.gov/MARC21/slim http://www.loc.gov/standards/marcxml/schema/MARC21slim.xsd"
    xmlns="http://www.loc.gov/MARC21/slim">

  <leader>01906nam a2200313 i 4500</leader>
  <controlfield tag="003">DO-SdBNP</controlfield>
  <controlfield tag="005">20250611073818.0</controlfield>
  <controlfield tag="007">ta</controlfield>
  <controlfield tag="008">210524e2012    dr ||||grl|||o001 0 spa d</controlfield>
  <datafield tag="022" ind1=" " ind2=" ">
    <subfield code="2">9789945436761</subfield>
  </datafield>
  <datafield tag="040" ind1=" " ind2=" ">
    <subfield code="a">DO-SdBNP</subfield>
    <subfield code="b">spa</subfield>
    <subfield code="c">BNPHU</subfield>
    <subfield code="e">rda</subfield>
  </datafield>
  <datafield tag="041" ind1=" " ind2=" ">
    <subfield code="h">spa</subfield>
  </datafield>
  <datafield tag="082" ind1=" " ind2="4">
    <subfield code="a">362.1969792</subfield>
    <subfield code="b">R426n</subfield>
    <subfield code="2">22</subfield>
  </datafield>
  <datafield tag="110" ind1="1" ind2=" ">
    <subfield code="a">Rep&#xFA;blica Dominicana.</subfield>
    <subfield code="b">Ministerio de Salud P&#xFA;blica</subfield>
    <subfield code="9">80830</subfield>
  </datafield>
  <datafield tag="245" ind1="0" ind2="0">
    <subfield code="a">Norma nacional para la prevenci&#xF3;n y atenci&#xF3;n de las infecciones de transmisi&#xF3;n sexual y sida /</subfield>
    <subfield code="c">coordinaci&#xF3;n general Jos&#xE9; Rodriguez Aybar.</subfield>
  </datafield>
  <datafield tag="264" ind1=" " ind2=" ">
    <subfield code="a">Santo Domingo :</subfield>
    <subfield code="b">Ministerio de Salud P&#xFA;blica,</subfield>
    <subfield code="c">2012.</subfield>
  </datafield>
  <datafield tag="300" ind1=" " ind2=" ">
    <subfield code="a">33 p&#xE1;ginas ; </subfield>
    <subfield code="c">25 cm.</subfield>
  </datafield>
  <datafield tag="336" ind1=" " ind2=" ">
    <subfield code="2">rdacontent</subfield>
    <subfield code="a">texto</subfield>
    <subfield code="b">txt</subfield>
  </datafield>
  <datafield tag="337" ind1=" " ind2=" ">
    <subfield code="2">rdamedia</subfield>
    <subfield code="a">sin mediaci&#xF3;n</subfield>
    <subfield code="b">n</subfield>
  </datafield>
  <datafield tag="338" ind1=" " ind2=" ">
    <subfield code="2">rdacarrier</subfield>
    <subfield code="a">volumen</subfield>
    <subfield code="b">nc</subfield>
  </datafield>
  <datafield tag="504" ind1=" " ind2=" ">
    <subfield code="a">Bibliograf&#xED;a :  p.31-33</subfield>
  </datafield>
  <datafield tag="505" ind1="0" ind2=" ">
    <subfield code="a">0- Introducci&#xF3;n.--</subfield>
    <subfield code="t">1. Objeto 1.--</subfield>
    <subfield code="t">2. &#xC1;mbito de aplicaci&#xF3;n.--</subfield>
    <subfield code="t">3. Marco legal.--</subfield>
    <subfield code="t">4. Definiciones.--</subfield>
    <subfield code="t">5. De las acciones de Salud Colectiva con respecto a ITS/VIH/SIDA.--</subfield>
    <subfield code="t">6. De la investigaci&#xF3;n en ITS/VIH/SIDA dentro del Sistema Nacional de Salud.--</subfield>
    <subfield code="t">7. De la promoci&#xF3;n y prevenci&#xF3;n en ITS/VIH/SIDA .--</subfield>
    <subfield code="t">8. De la atenci&#xF3;n integral en ITS/VIH/SIDA.--</subfield>
    <subfield code="t">9. De los servicios de consejeria para las ITS/VIH/SIDA.--</subfield>
    <subfield code="t">10 De la transmis&#xF3;n materno infantil del VIH, SIFILIS y otras ITS.--</subfield>
    <subfield code="t">11. De los servicios de laboratorio y banco de sangre.--</subfield>
    <subfield code="t">12. Sobre la vigilancia epidemiol&#xF3;gica, monitoreo, evaluaci&#xF3;n y sistema de informaci&#xF3;n sobre ITS/VIH/SIDA en el Sistema Nacional de Salud.--</subfield>
    <subfield code="t">13. Disposiciones finales.--</subfield>
    <subfield code="t">14. Bibliograf&#xED;a.</subfield>
  </datafield>
  <datafield tag="590" ind1=" " ind2=" ">
    <subfield code="a">Inventariado, 2022/MFF</subfield>
  </datafield>
  <datafield tag="650" ind1=" " ind2="4">
    <subfield code="a">Enfermedades de transmisi&#xF3;n sexual </subfield>
    <subfield code="x">Prevenci&#xF3;n y control</subfield>
    <subfield code="9">13967</subfield>
  </datafield>
  <datafield tag="650" ind1=" " ind2="0">
    <subfield code="a">SIDA (Enfermedad)</subfield>
    <subfield code="x">Prevenci&#xF3;n y control </subfield>
    <subfield code="9">52709</subfield>
  </datafield>
  <datafield tag="650" ind1=" " ind2="4">
    <subfield code="a">Servicios de salud</subfield>
    <subfield code="x">Normas</subfield>
    <subfield code="9">81119</subfield>
  </datafield>
  <datafield tag="700" ind1="1" ind2=" ">
    <subfield code="a"> Rodr&#xED;guez Aybar , Jos&#xE9; Francisco</subfield>
    <subfield code="e">coordinador</subfield>
    <subfield code="9">81120</subfield>
  </datafield>
  <datafield tag="942" ind1=" " ind2=" ">
    <subfield code="2">ddc</subfield>
    <subfield code="c">LF2</subfield>
  </datafield>
  <datafield tag="952" ind1=" " ind2=" ">
    <subfield code="0">0</subfield>
    <subfield code="1">0</subfield>
    <subfield code="2">ddc</subfield>
    <subfield code="5">1</subfield>
    <subfield code="7">0</subfield>
    <subfield code="8">PD</subfield>
    <subfield code="a">BNPHU</subfield>
    <subfield code="b">BNPHU</subfield>
    <subfield code="c">HD</subfield>
    <subfield code="d">2020-01-29</subfield>
    <subfield code="e">Dep&#xF3;sito legal</subfield>
    <subfield code="o">BNPHU PD 362.1969792 R426n</subfield>
    <subfield code="p">2021-1786</subfield>
    <subfield code="r">2021-05-24</subfield>
    <subfield code="w">2021-05-24</subfield>
    <subfield code="y">LF2</subfield>
  </datafield>
  <datafield tag="952" ind1=" " ind2=" ">
    <subfield code="0">0</subfield>
    <subfield code="1">0</subfield>
    <subfield code="2">ddc</subfield>
    <subfield code="5">1</subfield>
    <subfield code="7">0</subfield>
    <subfield code="8">PD</subfield>
    <subfield code="a">BNPHU</subfield>
    <subfield code="b">BNPHU</subfield>
    <subfield code="c">HD</subfield>
    <subfield code="d">2020-01-29</subfield>
    <subfield code="e">Dep&#xF3;sito legal</subfield>
    <subfield code="o">BNPHU PD 362.1969792 R426n</subfield>
    <subfield code="p">2021-1787</subfield>
    <subfield code="r">2021-05-24</subfield>
    <subfield code="t">e.2</subfield>
    <subfield code="w">2021-05-24</subfield>
    <subfield code="y">LF2</subfield>
  </datafield>
  <datafield tag="952" ind1=" " ind2=" ">
    <subfield code="0">0</subfield>
    <subfield code="1">0</subfield>
    <subfield code="2">ddc</subfield>
    <subfield code="5">6</subfield>
    <subfield code="7">0</subfield>
    <subfield code="8">DS</subfield>
    <subfield code="a">BNPHU</subfield>
    <subfield code="b">BNPHU</subfield>
    <subfield code="c">HD</subfield>
    <subfield code="d">2020-01-29</subfield>
    <subfield code="e">Dep&#xF3;sito legal</subfield>
    <subfield code="o">BNPHU  DS 362.1969792 R426n</subfield>
    <subfield code="p">2021-1788</subfield>
    <subfield code="r">2021-05-24</subfield>
    <subfield code="t">e.3</subfield>
    <subfield code="w">2021-05-24</subfield>
    <subfield code="y">LBS1</subfield>
  </datafield>
  <datafield tag="999" ind1=" " ind2=" ">
    <subfield code="c">49836</subfield>
    <subfield code="d">49836</subfield>
  </datafield>
</record>
